000 01147nam a22002657a 4500
005 20170124103027.0
010 _aA-554018
020 _c30.00
035 _aA-554018
037 _bCen Lib/Ret
040 _aDPL
_bHN
082 _a
_bवर्माधी
100 _aवर्मा, धीरेन्द्रनाथ
_942758
245 _aअदृशय बन्धन /
_cधीरेन्द्रनाथ वर्मा [और] अरुणा शर्मा
246 _aAddrishya bandhana /
_bby Dhirendra Varma [aur] Aruna Varma
260 _aहैदराबाद
_bमिलिन्द प्रकाशन
_c1989
270 _bहैदराबाद
_a4-4-812, कदस्वामी बाग , सुल्तान बाज़ार
_e500195
300 _a115पृ.
_c17सेमी(सजिल्द)
650 _aहिन्दी साहित्य
_962721
650 _aकहानियां
_962722
650 _aHindi literature
_962723
650 _aStories
_97500
700 _aशर्मा, अरुणा
_962724
942 _2ddc
_cHN
_h
_mवर्माधी
999 _c115677
_d115677